00847nam a22002417a 450000500170000001000130001702000110003003500130004103700160005404000120007008200130008210000250009524500630012026000340018327000250021730000240024250000500026665000190031665000280033594200220036399900190038595202010040420170124110000.0 aA-800442 c250.00 aA-800442 bCen Lib/Ret aDPLbEN a364bBHA aBhandari,D.R.915448 aProblem of crime punishment and justice /cby D.R.Bhandari aJodhpurbBooks treasurec1995 aSojati GatebJodhpur axv,225p. c20cm(Hb) aIncludes bibliographical reference and index  aPrisons915449 aCrime prevention915450 2ddccENh364mBHA c125771d125771 04104070aLbLd2015-06-23eCen Lib/Retg250.00l1o364 BHApA-800442r2019-05-31 00:00:00s2019-05-17t1v250.00w2015-06-23yENzWritten off on approval by DLB (By Circulation); dtd 15-06-2023